000 00813nam a22002057a 4500
999 _c4005
_d4005
003 AR-CdUCM
008 190307b ||||| |||| 00| 0 spa d
040 _aMUNICIPALIDAD PROVINCIAL DEL CUSCO
_cBIBLIOTECA MUNICIPAL DEL CUSCO
082 _a372.5 /
_bN94
100 _aNúñez del Prado Ismodes, María Rosa
_912788
245 _aTíteres andinos :
_bnúcleos de aprendizaje inicial /
260 _aCusco :
_bItal Perú,
_c1990.
300 _a127 páginas ;
_bImágenes.
_c20 cm.
505 _aContenido: Titeres andinos núcleos de aprendizaje -- Aspectos conductuales -- Aplicación del títere folklorico en el periodo de adaptación -- Dosificación del cuento ...
650 _aTeatro de títeres
_912789
650 _aEducación
_9460
650 _aPedagogía
_91560
942 _2ddc
_cLIBROS
945 _aafb